000 00804nam a2200241Ia 4500
001 dia_3949
003 CHAP
005 20221002190111.0
008 220117s2000 xx 000 0 und d
010 _a174557
040 _cCHAP
090 _aFOLLETO 2678
100 _aSagarnaga Villegas, Myriam
_9142970
245 _aCompetitividad de los principales productos agropecuarios mexicanos en el mercado estadounidense /
_c Myriam Sagarnaga Villegas...[et al]
260 _aChapingo, México :
_b UACh, CIESTAAM,
_c2000
300 _a22 p.
500 _aD. \ (Reporte de investigación ; 5)
650 _aProductos agrícolas
_xMercado
_xMéxico
_9155585
901 _aFOLLETO 2678
902 _aM
905 _a0000002000 mx N 0000000000spa00
942 _cFOLL
_2local
999 _c174557
_d174557